000 00674nam a2200277Ia 4500
005 20260324130045.0
008 008 260324s9999 xx 000 0 eng d
020 _a9781003417545
037 _aEBOOK
040 _aCRL
040 _beng
040 _cCRL
041 _2eng
041 _aeng
084 _qCRL
100 _aThomas M. Izbicki
_91180353
245 0 _aReform, Ecclesiology, and the Christian Life in the Late Middle Ages
260 _bTaylor and Francis
260 _c2008
365 _a
365 _b145
856 _uhttp://www.taylorfrancis.com/books/9781003417545
942 _cEBOOK
999 _c1776159
_d1776159